[Event "1st Int. Chess Open of Marrakech"]
[Site "Marrakech"]
[Date "2010.06.28"]
[Round "5"]
[White "Cwiek, Perrine"]
[Black "Onkoud, Abdelaziz"]
[Result "0-1"]
[WhiteElo "1822"]
[BlackElo "2377"]
[EventDate "2010.06.28"]
[PlyCount "68"]
[SourceDate "2010.06.26"]

1.e4 d6 2.d4 g6 3.Nf3 Bg7 4.Nc3 a6 5.h3 b5 6.a3 Bb7 7.Be3 Nd7 8.Be2 Ngf6 
9.e5 Nd5 10.Nxd5 Bxd5 11.exd6 cxd6 12.O-O O-O 13.Qd2 Qc7 14.Rfc1 Rfc8 15.
a4 Bc4 16.b3 Bxe2 17.Qxe2 b4 18.a5 Nf6 19.Bd2 Nd5 20.Qd3 Qb7 21.Ng5 Nc3 
22.Re1 Qd5 23.Nf3 e6 24.Kh1 Rc7 25.Rac1 Qxa5 26.Ra1 Qb6 27.Be3 Nd5 28.Bd2 
a5 29.Rec1 Nc3 30.Be3 Qc6 31.Nd2 a4 32.Nb1 a3 33.Bd2 Ne4 34.Be3 Qd5 0-1

[Event "1st Int. Chess Open of Marrakech"]
[Site "Marrakech"]
[Date "2010.06.28"]
[Round "5"]
[White "Akhrouf, L."]
[Black "Hamdouchi, Adina-Maria"]
[Result "1-0"]
[WhiteElo "1499"]
[BlackElo "2329"]
[EventDate "2010.06.28"]
[PlyCount "94"]
[SourceDate "2010.06.26"]

1.d4 Nf6 2.c4 g6 3.Nf3 Bg7 4.g3 O-O 5.Bg2 d5 6.O-O dxc4 7.Na3 Nc6 8.Nxc4 
Be6 9.Nce5 Bd5 10.Nd3 Nxd4 11.Nxd4 Bxg2 12.Ne6 Qc8 13.Nxf8 Bxf1 14.Nxg6 
hxg6 15.Qxf1 c6 16.Bf4 Nd5 17.Be5 f6 18.Bd4 e5 19.Bc5 Qf5 20.Nb4 Nc7 21.
Qd1 Ne6 22.Qb3 Kh7 23.Be3 Nd4 24.Bxd4 exd4 25.Qf7 c5 26.Nd3 b6 27.b4 a5 
28.bxc5 bxc5 29.Rb1 Rf8 30.Qc4 Qe4 31.Rb2 Rc8 32.Nf4 f5 33.Rb6 Rc6 34.Rb8 
Qe5 35.Qg8+ Kh6 36.Re8 Qf6 37.Nd5 Qd6 38.Re7 Qxe7 39.Nxe7 Rb6 40.Qf7 Kh7 
41.h4 Rf6 42.Qg8+ Kh6 43.Qd5 Kh7 44.Qxc5 Re6 45.Nxf5 Re5 46.Qxd4 Rxf5 47.
Qd7 Rc5 1-0

[Event "1st Int. Chess Open of Marrakech"]
[Site "Marrakech"]
[Date "2010.06.28"]
[Round "5"]
[White "Zozulia, Anna"]
[Black "Sbia, Bachir"]
[Result "1-0"]
[WhiteElo "2323"]
[BlackElo "1918"]
[EventDate "2010.06.28"]
[PlyCount "66"]
[SourceDate "2010.06.26"]

1.e4 e5 2.Nf3 Nc6 3.Bb5 a6 4.Ba4 Nf6 5.O-O b5 6.Bb3 Be7 7.Re1 O-O 8.h3 d6 
9.a4 b4 10.a5 Rb8 11.Bc4 Nxe4 12.Bd5 Nxf2 13.Kxf2 Nxa5 14.d4 c6 15.Ba2 
exd4 16.Qxd4 d5 17.Bf4 Rb5 18.Qd1 Bc5+ 19.Be3 Qf6 20.Bxc5 Rxc5 21.c3 Bf5 
22.Qd4 Qxd4+ 23.Nxd4 bxc3 24.b4 c2 25.bxc5 cxb1=Q 26.Bxb1 Bxb1 27.Rxa5 Be4
28.Nxc6 f5 29.Rxa6 h5 30.Nd4 Kh7 31.c6 Rf6 32.c7 Rxa6 33.c8=Q Rg6 1-0

[Event "1st Int. Chess Open of Marrakech"]
[Site "Marrakech"]
[Date "2010.06.28"]
[Round "5"]
[White "Ravot, Sylvain"]
[Black "Djadi, Fouad"]
[Result "1-0"]
[WhiteElo "2274"]
[BlackElo "1742"]
[EventDate "2010.06.28"]
[PlyCount "99"]
[SourceDate "2010.06.26"]

1.Nf3 Nf6 2.d4 g6 3.g3 Bg7 4.Bg2 d6 5.c4 c5 6.Nc3 cxd4 7.Nxd4 O-O 8.O-O 
Qc7 9.b3 a6 10.Bb2 Nc6 11.Nc2 Bf5 12.Ne3 e6 13.Qd2 Rad8 14.h3 d5 15.cxd5 
exd5 16.Ncxd5 Nxd5 17.Nxd5 Qd6 18.Bxg7 Kxg7 19.Qb2+ f6 20.Ne3 Qe6 21.Nxf5+
Qxf5 22.Rac1 Rd6 23.Qa3 Rfd8 24.Bxc6 bxc6 25.Rxc6 Qd5 26.Rc7+ Kh6 27.Qc1+ 
g5 28.Qc2 f5 29.Rc5 Qe4 30.Qxe4 fxe4 31.Rfc1 Rd1+ 32.Kg2 Rxc1 33.Rxc1 Rd2 
34.Rc6+ Kg7 35.Rxa6 Rxe2 36.Kf1 Rb2 37.Re6 Rxa2 38.Rxe4 Rb2 39.Rb4 Kf6 40.
h4 h6 41.Rb6+ Kf5 42.Rxh6 gxh4 43.Rh5+ Kg6 44.Rxh4 Rxb3 45.Kg2 Kg5 46.Ra4 
Rb2 47.Rf4 Rb3 48.Rf8 Kg6 49.g4 Kg5 50.f3 1-0

[Event "1st Int. Chess Open of Marrakech"]
[Site "Marrakech"]
[Date "2010.06.28"]
[Round "5"]
[White "Ouakhir, Mehdi"]
[Black "Maftah EL Kheir, Y."]
[Result "1-0"]
[WhiteElo "2237"]
[BlackElo "1499"]
[EventDate "2010.06.28"]
[PlyCount "59"]
[SourceDate "2010.06.26"]

1.d4 g6 2.c4 Bg7 3.e4 c5 4.d5 d6 5.Nc3 Nf6 6.Nge2 O-O 7.Ng3 e6 8.f3 exd5 
9.cxd5 Nfd7 10.Be2 h5 11.Bf4 h4 12.Nf1 Ne5 13.Qd2 Re8 14.Bg5 Bf6 15.Bxf6 
Qxf6 16.h3 g5 17.g3 Nbd7 18.Rg1 b5 19.gxh4 g4 20.O-O-O c4 21.Ne3 b4 22.
Nxg4 Nxg4 23.Rxg4+ Kf8 24.Nb5 Ne5 25.Qg5 Qxg5+ 26.Rxg5 Bd7 27.Nc7 Rec8 28.
Nxa8 c3 29.bxc3 Rxa8 30.cxb4 1-0

[Event "1st Int. Chess Open of Marrakech"]
[Site "Marrakech"]
[Date "2010.06.28"]
[Round "5"]
[White "Maatoug, Redwan"]
[Black "Moubtahij, M."]
[Result "1/2-1/2"]
[WhiteElo "2230"]
[BlackElo "1499"]
[EventDate "2010.06.28"]
[PlyCount "111"]
[SourceDate "2010.06.26"]

1.Nf3 e6 2.g3 d5 3.Bg2 Nf6 4.O-O Be7 5.d3 O-O 6.Nbd2 Nc6 7.e4 dxe4 8.dxe4 
Bd7 9.c3 Bc5 10.Qe2 Qe7 11.b4 Bb6 12.Bb2 Rad8 13.a3 Nb8 14.c4 c5 15.b5 Bc7
16.e5 Ng4 17.Ne4 Bc8 18.h3 Nh6 19.g4 Kh8 20.Neg5 Ng8 21.a4 h6 22.Ne4 Nd7 
23.Ned2 b6 24.a5 bxa5 25.Nb3 Bb7 26.Nxa5 Bxf3 27.Bxf3 Bxa5 28.Rxa5 Nb6 29.
Bc6 Rc8 30.Kg2 Rfd8 31.Be4 Rd7 32.Bb1 Rcd8 33.Qe4 g6 34.Bc2 Kg7 35.Bc3 Qh4
36.Raa1 h5 37.Rae1 hxg4 38.hxg4 Rd4 39.Bxd4 Rxd4 40.f3 Rxe4 41.Rxe4 Qg5 
42.Rf2 Qc1 43.Bd3 Qc3 44.Bf1 Na4 45.Ra2 Qb3 46.Rd2 Nc3 47.Re3 Qb4 48.Rd7 
Qb2+ 49.Kg1 Qc1 50.Rdd3 Nb1 51.Kf2 Nd2 52.Be2 g5 53.Ra3 Qh1 54.Rxa7 Qb1 
55.Rea3 Qb2 56.Ra2 1/2-1/2